000 00746nam a2200205Ia 4500
003 GCL
008 140319s9999 xx 000 0 ara d
040 _aGCL /
_cGCL
082 0 4 _a343.097
_bا ط
100 1 _aاحمد عبداللطيف غطاشة
245 1 0 _aالطيران المدنى :
_bالاحكام العامة والنقل الجوى /
_cاحمد عبداللطيف غطاشة
250 _aالاولى
260 _aالاردن :
_bدار صفاء للنشر والتوزيع ،
_c2002
300 _a214 ص ؛
_c24 سم
650 0 4 _aالقانون الجوى
650 0 4 _aالطائرات
650 0 4 _aالطيران المدنى
650 0 4 _aالطيران المدنى - تنظيم وادارة
942 _2ddc
_cBK
999 _c34422
_d34422